| 000 | 00491 a2200181 4500 | ||
|---|---|---|---|
| 003 | OSt | ||
| 005 | 20231207121057.0 | ||
| 008 | 231207b |||||||| |||| 00| 0 eng d | ||
| 020 | _a8189645463 | ||
| 020 | _a8189645552 | ||
| 020 | _a8189645587 | ||
| 040 | _coclc | ||
| 082 |
_a954 _bSYE/W |
||
| 245 | _aWorld infopaedia : India / | ||
| 260 |
_aNew Delhi: _bPragun Publication, _c2007. |
||
| 300 | _a3 parts, 1344 pages | ||
| 942 |
_2ddc _cBK _h954 _iSYE/W _k954 _mSYE/W |
||
| 999 |
_c43748 _d43748 |
||